| 000 | 00505nam a2200133Ia 4500 | ||
|---|---|---|---|
| 008 | 220620s9999||||xx |||||||||||||| ||und|| | ||
| 022 | _a21919925 | ||
| 100 | _aProbst, Sebastian | ||
| 245 | 0 | _aHybrid quantum system based on rare earth doped crystals | |
| 546 | _aEnglish[eng] | ||
| 650 | _ahybrider Mikrowellenresonator||quantum memory||hybrid||microwave resonator||Quantenspeicherspin ensemble||rare earth||seltene Erden||Spin Ensemble | ||
| 856 | _uhttps://www.ksp.kit.edu/9783731503453 | ||
| 942 | _cEB | ||
| 999 |
_c35019 _d35019 |
||